00530nam a2200181Ia 4500003000900000008004100009020002200050040001600072080001600088245007900104260004800183300001400231650001700245650001500262700002200277700002200299700002700321IN-BaIIA211028s9999 xx 000 0 eng d a978-1-107-00641-6 cIIA Library a523.07bIMP 0aFrontiers of astrobiologycedited by Chris Impey, J. Lunine and Jose Funes aCambridgebCambridge University Pressc2012 axi, 323p. aAstrobiology aExobiology aFunes, Jose., ed. aImpey, Chris, ed. aLunine, Jonathan., ed.